000
00284nam a22001337a 4500
008
181015b xxu||||| |||| 00| 0 eng d
020
_a
9781580252393
041
_a
eng
080
_a
370
100
_a
49
101
_a
EDU
245
_a
The Sas Book
_c
Lora.d.d
942
_2
udc
_c
BK
999
_c
49797
_d
49797